LEADER 01795nam 2200421 n 450 001 996394865203316 005 20221108071524.0 035 $a(CKB)4940000000122157 035 $a(EEBO)2240882136 035 $a(UnM)99122150500971 035 $a(EXLCZ)994940000000122157 100 $a19860211f16791680 uy 101 0 $aeng 135 $aurbn||||a|bb| 200 10$a[Articles of high misdemeanour humbly offer'd and presented to the consideration of His Sacred Majesty, and the right honourable the lords, and others of his Majesties most honourable privy council, against Sir William Scroggs]$b[electronic resource] 210 $a[London $cs.n.$d1679 or 1680] 215 $a4 p 300 $aBy Titus Oates and William Bedloe. 300 $aCaption title. 300 $aAuthor, title, place and date of publication suggested by Wing. 300 $aImperfect: p. 3-4 only. 300 $aOriginally identified as Wing S2121; number cancelled. 300 $aReproduction of original in the British Library. 330 $aeebo-0018 606 $aPopish Plot, 1678$vEarly works to 1800 607 $aGreat Britain$xHistory$yCharles II, 1660-1685$vEarly works to 1800 615 0$aPopish Plot, 1678 700 $aOates$b Titus$f1649-1705.$01001398 701 $aScroggs$b William$cSir,$f1623?-1683.$01005037 701 $aBedloe$b William$f1650-1680.$01005061 801 0$bCu-RivES 801 1$bCu-RivES 801 2$bCStRLIN 801 2$bCu-RivES 906 $aBOOK 912 $a996394865203316 996 $aArticles of high misdemeanour humbly offer'd and presented to the consideration of His Sacred Majesty, and the right honourable the lords, and others of his Majesties most honourable privy council, against Sir William Scroggs$92364084 997 $aUNISA LEADER 01738nas 2200541-a 450 001 9910143532903321 005 20240413025712.0 035 $a(DE-599)ZDB2046887-8 035 $a(CKB)111088195251720 035 $a(CONSER)---00215108- 035 $a(EXLCZ)99111088195251720 100 $a20000427a19989999 --- a 101 0 $aeng 181 $ctxt$2rdacontent 182 $cc$2rdamedia 183 $acr$2rdacarrier 200 00$aGene therapy & molecular biology 210 $aPalo Alto, CA $cGene Therapy Press$d©1998- 215 $a1 online resource 300 $aRefereed/Peer-reviewed 311 08$aPrint version: Gene therapy & molecular biology. 1529-9120 (DLC) 00215108 (OCoLC)43938044 517 1 $aGene therapy and molecular biology 531 $aGENE THERAPY AND MOLECULAR BIOLOGY 531 $aGENE THER MOL BIOL 531 $aGENE THER. MOL. BIOL 531 0 $aGene ther. mol. biol. 606 $aGene therapy$vPeriodicals 606 $aMolecular biology$vPeriodicals 606 $aGenetic Therapy 606 $aMolecular Biology 606 $aGene therapy$2fast$3(OCoLC)fst00939638 606 $aMolecular biology$2fast$3(OCoLC)fst01024734 608 $aConference Proceedings. 608 $aPeriodical. 608 $aPeriodicals.$2fast 615 0$aGene therapy 615 0$aMolecular biology 615 12$aGenetic Therapy. 615 22$aMolecular Biology. 615 7$aGene therapy. 615 7$aMolecular biology. 676 $a619 712 12$aGene Therapy and Molecular Biology International Conference. 906 $aJOURNAL 912 $a9910143532903321 920 $aexl_impl conversion 996 $aGene therapy & molecular biology$92225164 997 $aUNINA LEADER 01150nam 2200253la 450 001 9910481212403321 005 20221102155131.0 035 $a(UK-CbPIL)2090336879 035 $a(CKB)5500000000084220 035 $a(EXLCZ)995500000000084220 100 $a20221102d1533 uy | 101 0 $alat 135 $aurcn||||a|bb| 200 10$aCosmographicus liber Petri Apiani mathematici, iam denuo integritati restitutus per Gemmam Phrysium. Item eiusdem Gemmae Phrysij libellus de locorum describendorum ratione, & de eorum distantijs inueniendis, nunquam ante hac visus 210 $aAntwerp $c[s.n.]$d1533 215 $aOnline resource (LXVI c., 4º) 300 $aReproduction of original in Biblioteca Nazionale Centrale di Firenze. 700 $aApian$b Peter$f1495-1552.$0330003 801 0$bUk-CbPIL 801 1$bUk-CbPIL 906 $aBOOK 912 $a9910481212403321 996 $aCosmographicus liber Petri Apiani mathematici, iam denuo integritati restitutus per Gemmam Phrysium. Item eiusdem Gemmae Phrysij libellus de locorum describendorum ratione, & de eorum distantijs inueniendis, nunquam ante hac visus$92038526 997 $aUNINA